Statistics for List of Countries by Length of Coastline

Click here to take the quiz!

General Stats

  • This quiz has been taken 79 times
  • The average score is 38 of 50

Answer Stats

Length of Coastline (km)Answer% Correct
202,080Canada
100%
37,653Russia
97%
19,924United States of America
97%
7,491Brazil
96%
12,429United Kingdom
96%
25,760Australia
95%
7,500India
95%
6,435Chile
93%
29,751Japan
93%
58,133Norway
93%
2,798South Africa
92%
4,970Spain
92%
9,330Mexico
90%
15,134New Zealand
89%
3,218Sweden
89%
4,989Argentina
88%
14,500China
88%
4,853France
88%
7,600Italy
86%
13,676Greece
85%
4,675Malaysia
84%
51,401Denmark and Greenland
82%
2,450Egypt
81%
4,828Madagascar
81%
3,208Colombia
79%
2,414Peru
79%
3,444Vietnam
79%
2,640Saudi Arabia
78%
2,470Mozambique
77%
3,219Thailand
77%
7,200Turkey
77%
2,413South Korea
75%
2,800Venezuela
73%
3,294Iran
70%
3,333Somalia
70%
3,735Cuba
68%
7,368Croatia
67%
5,152Papua New Guinea
64%
54,720Indonesia
60%
2,389Germany
58%
2,495North Korea
56%
36,289Philippines
49%
6,112Micronesia
48%
2,490Panama
48%
5,313Solomon Islands
45%
2,237Ecuador
42%
3,542The Bahamas
42%
2,782Ukraine
42%
2,528Vanuatu
34%
3,794Estonia
26%

Score Distribution

Percentile by Number Answered

Percent of People with Each Score

Your Score History

You have not taken this quiz